000 01564cam a22003977a 4500
003 CHAP
005 20220329142000.0
008 981106d1998 mx r 00110 spa d
010 _a76636
011 _a77608
035 _a87217
040 _cCHAP
090 _aTesis
100 0 0 _aBarreto Luna, Ma. Guadalupe.
_910447
245 1 0 _aRespuesta a la aplicación de fertilizantes foliares en rendimiento, calidad, procesos fisiológicos, carbohidratos y estado nutrimental en chile jalapeño (Capsicum annuum L.)
_c/por Ma. Guadalupe Barreto Luna y Serafín Mares Espinosa
260 _aChapingo, Méx. :
_bEl autor,
_c1998.
300 _a81 h.
502 _aTesis (Ing. Agr. Esp. en Fitotecnia) -- UACH. Departamento de Fitotecnia
590 _aALEPH
_b10
_c20130110
_lUCH01
_h1426
590 _aBATCH-UPD
_b10
_c20130110
_lUCH01
_h0733
590 _aBATCH-UPD
_b10
_c20130110
_lUCH01
_h2355
590 _aBATCH-UPD
_b10
_c20130410
_lUCH01
_h0416
590 _aBATCH-UPD
_b10
_c20130914
_lUCH01
_h0924
590 _aCONVERSION
_b10
_c20130109
_lUCH01
_h1342
650 1 4 _aChile jalapeño
_xRendimiento.
_922436
650 1 4 _aFertilización foliar.
_940445
650 1 4 _aFertilizantes
_xEfecto en chile.
_940493
650 1 4 _aPlantas
_xCarbohidratos en.
_988794
700 0 _aMares Espinoza, Serafín.
_971332
901 _aBK
905 _aAraceli Hernández G.
942 _cFOLL
949 _bBC
_cTES
_d33724000706602
_eTS2
_fc.2
_h33163
_i87217
_si
949 _bBC
_cTES
_d33724000762696
_eTS2
_fc.3
_h35656
_i87217
_sb
949 _bBC
_cTES
_d872171
_eTS1
_h33162
_i87217
_sb
999 _c76636
_d76636